000 00301nam a22001337a 4500
020 _a978-81-264-2400-9
082 _a823
_bNAM/T
100 _aNAMBIAR, APARNA
245 _aTHE TALE OF SURPANAKA
260 _aKOTTAYAM
_bDC BOOKS
300 _a21
650 _aENGLISH SHORT STORY
_zKERALA
942 _cBK
999 _c3294
_d3294